Statistics for Grease Lightning Lyrics

Click here to take the quiz!

General Stats

  • This quiz has been taken 234 times
  • The average score is 5 of 10

Answer Stats

LyricWord% Correct
Why this car is automatic, It's systematic, It's __________.Why it's grease lightningHydromatic
94%
Go grease lightning you're burning up the _______ ____Quarter Mile
63%
With a four speed on the floor they'll be _______ at the door. You know that ain't no s*** we'll be getting lots of t** In Grease LightningWaiting
63%
You are supreme the chicks'll _____ for grease lightningCream
62%
A fuel injection cutoff and chrome ______ rods, oh yeahPlated
34%
Go grease lightning you're _______ through the heat lap trialCoasting
32%
A Palomino ________ and duel muffler twins Oh yeahDashboard
30%
Purple french ____ ______ and thirty inch fins Oh yeahTail Lights
28%
We'll get some overhead lifters and some____ ______ ____, Oh yeahFour Barrel Quads
27%
With new pistons, plugs, and ______ I can get off my rocks. You know that I ain't bragging she's a real p**** wagonShocks
26%

Score Distribution

Percentile by Number Answered

Percent of People with Each Score

Your Score History

You have not taken this quiz